000
00274nam a2200121Ia 4500
005
20251222144855.0
008
251222s9999||||xx |||||||||||||| ||spa||
082
_a
300.1/D31
100
_a
Davis, Morton D.
245
0
_a
TeorĂa del Juego
264
_b
Alianza
942
_c
LIB
999
_c
21748
_d
21748